000 00840nam a2200265 i 4500
001 12058
003 ES-MaACL
005 20250829041753.0
007 t|
008 970224s1973 sp ||||1| spa d
020 _a84-7067-206-1
080 _a013 Lorenzo, Pedro de
080 _a929 Lorenzo, Pedro de
100 1 _aSantiago Castelo,
_d1948-2015
_936614
245 1 0 _aPedro de Lorenzo /
_cSantiago Castelo.
260 _aMadrid :
_bE.P.E.S.A.,
_c1973.
300 _a199 p. ;
_c17 cm.
490 1 _aGrandes escritores contemporáneos
600 1 4 _aLorenzo, Pedro de-
_xBiografías.
_974163
600 1 4 _aLorenzo, Pedro de-
_xBibliografías.
_974162
830 0 0 _aGrandes escritores contemporáneos (Epesa)
_9180697
852 _aES-MaACL
_jL-19377
_bR.117307
852 _aES-MaACL
_jC-55846
999 _c12058
_d12058